000 nam a22 7a 4500
999 _c9351
_d9351
008 180129b ||||| |||| 00| 0 eng d
100 _aKathuria,R.
_95600
245 _aChildren ask Kalam
260 _bdorling
_c2006